| 000 | 01508cad a22002535a 4500 | ||
|---|---|---|---|
| 001 | L141344 | ||
| 008 | 071116s2007 xxk f f000 0 eng d | ||
| 035 | _a(Sirsi) u141344 | ||
| 041 | 0 | _aeng | |
| 050 | 0 | 4 | _a711.1 $2 18 |
| 110 | 1 |
_aUnited Kingdom _kLaws, etc _95044 |
|
| 245 | 0 | 0 |
_aSustainable Communities Act 2007 _b2007 chapter 23 _h[electronic resource] |
| 260 |
_aLondon _bOPSI _c2007 |
||
| 505 | 2 | _aSustainability of local communities -- Proposals by local authorities -- Decision on short-list -- Action plans -- Proposals: regulations -- Local spending reports -- Sustainable community strategy -- Interpretation -- Expenses -- Short title, commencement and extent | |
| 520 | _aMakes provision to promote the sustainability of local communities. Covers the circumstances for local authorities to make proposals, and the consideration to be given to them by the Secretary of State. Covers the publishing of action plans and proposals for regulations, the arranging of local spending reports by the Secretary of State, and the sustainable community strategy. | ||
| 590 | _aKA | ||
| 650 | 2 | 4 | _aSUSTAINABLE COMMUNITIES ACT 2007 |
| 650 | 2 | 4 | _aPLANNING AND COMPULSORY PURCHASE ACT 2004 |
| 650 | 2 | 4 | _aLOCAL GOVERNMENT ACT 2000 |
| 651 | 4 |
_aEngland and Wales _y1543- |
|
| 690 | _aENVIRONMENTAL AND LAND CONSULTANCY-PLANNING AND DEVELOPMENT-STRATEGIC PLANNING | ||
| 856 | 4 | 0 |
_uhttps://www.opsi.gov.uk/acts/acts2007/ukpga_20070023_en_1 _zView the Act free of charge at www.opsi.gov.uk... |
| 942 | _n0 | ||
| 999 |
_c107632 _d107632 |
||